=LDR 00000nam 2200000 4500 =001 INLIS000000000044074 =005 20131008104555 =008 ***********************************Ind** =035 ##$$0010-101300000001996 =041 ##$$a Ind =082 ##$$a 657 =090 ##$$a 657, Wid a =100 ##$$a Widayat, Utoyo =245 ##$$a Akuntansi penjualan angsuran dan konsinyasi, Drs. Otoyo Widayat =260 ##$$a 1991 $b Jakarta =300 ##$$a 161 hlm, 21 cm =650 ##$$a Akuntansi =850 ##$$a NBPNMAT